<The> Swedish journal of economics

Gespeichert in:
Bibliographische Detailangaben
Format: Schriftenreihe
Sprache:Englisch
Veröffentlicht: Stockholm University
Tags: Tag hinzufügen
Keine Tags, Fügen Sie das erste Tag hinzu!

MARC

LEADER 00000nas1a2200000$$$4500
001 0021217
005 20250730114822.4
041 0 |a eng 
044 |a SE 
245 1 0 |a <The> Swedish journal of economics 
264 1 |a Stockholm  |b University 
500 |a Od Vol. 78 (1976) názov: Scandinavian journal of economics